Bonne définiton ! - Statistiques

Statistiques générales
  • Ce quiz a été pris 36 fois
  • Le résultat moyen est 7 sur 12
Statistiques - réponses
Question Réponse % Correct
Dithyrambique (Définitions) Qui est de grande quantité, élogieux parfois avec excès
94%
Thanatopracteur (Définitions) A pour rôle de rendre présentable et l'embaumement des corps des défunts
88%
Abscons (Synonymes) Abstrait
72%
Apothicaire (Définitions) Précurseurs des pharmaciens, ils préparaient et vendaient des breuvages et des médicaments pour les malades
72%
Polymathe (Définitions) Connaissance approfondie d'un grand nombre de sujets
69%
Glabre (Synonymes) Imberbe
69%
Concupiscence (Synonymes) Avidité
56%
Stochastique (Définitions) Qui dépend du hasard
47%
Orthopantomogramme (Définitions) Radiographie panoramique des dents
47%
Oculariste (Définitions) Conçoit et réalise des prothèses oculaires
41%
Stipendié (Synonymes) Soudoyé
34%
Mètis (Définitions) Ruse et intelligence militaire
16%
Aucun quiz correspondant
Distribution des résultats
% des personnes avec chaque résultat
Percentile par nombre de réponses
Votre historique - résultats
Vous n’avez pas pris ce quiz